LEADER 01225nam--2200421---450- 001 990001367930203316 005 20070606125534.0 010 $a88-244-8933-8 035 $a000136793 035 $aUSA01000136793 035 $a(ALEPH)000136793USA01 035 $a000136793 100 $a20040126d2003----km-y0enga50------ba 101 0 $aita 102 $aIT 105 $ay|||z|||001yy 200 1 $aTest di biblioteconomia 205 $a2. ed. 210 $aNapoli$cSimone$d2003 215 $a286 p.$d21 cm 225 2 $aEdizioni Simone$v90/1 300 $aSegue: Appendice normativa 410 0$12001$aEdizioni Simone$v90/1 606 0 $aBiblioteconomia$xQuestionari 676 $a020.76 801 0$aIT$bsalbc$gISBD 912 $a990001367930203316 951 $aI.2.A. 85 (XIII D 313)$b172312 L.M.$cXIII D$d00091244 959 $aBK 969 $aUMA 979 $aMARIA$b10$c20040126$lUSA01$h1158 979 $aPATRY$b90$c20040406$lUSA01$h1737 979 $aRENATO$b90$c20040506$lUSA01$h1154 979 $aRENATO$b90$c20040506$lUSA01$h1154 979 $aCOPAT4$b90$c20050224$lUSA01$h1307 979 $aPAOLA$b90$c20070606$lUSA01$h1255 996 $aTest di biblioteconomia$9712102 997 $aUNISA LEADER 01248nam0-2200385li-450- 001 990000250240203316 005 20090824124328.0 035 $a0025024 035 $aUSA010025024 035 $a(ALEPH)000025024USA01 035 $a0025024 100 $a19940303d1981----km-y0itay50------ba20001109d--------km-y0itay0103----ba 101 $aeng 102 $aNL 105 $a||||||||001yy 200 1 $a<> electron-phonon interaction$fGöran Grimvall 210 $aAmsterdam$cNorth Holland$dcopyr. 1981 215 $aXIV, 304 p.$d23 cm 225 2 $aSelected topics in solid state physics$v16 410 0$12001$aSelected topics in solid state physics$v16 606 0 $aFisica dello stato solido 676 $a530.41 700 1$aGRIMVALL,$bGöran$047395 801 0$aSistema bibliotecario di Ateneo dell' Universitŕ di Salerno$bsalbc$gRICA 912 $a990000250240203316 951 $a530.41 STS (16)$b0004258/cbs$c530.41$d00326134 959 $aBK 969 $aSCI 979 $c19940303 979 $c20001110$lUSA01$h1715 979 $c20020403$lUSA01$h1633 979 $aPATRY$b90$c20040406$lUSA01$h1618 979 $aRSIAV7$b90$c20090824$lUSA01$h1243 996 $aElectron-phonon interaction$9882178 997 $aUNISA